Statistiques concernant Pokemon 6ème Génération

Cliquez ici pour prendre le quiz!

Statistiques générales

  • Ce quiz a été pris 31 fois
  • Le résultat moyen est 54 sur 72

Statistiques - réponses

HintRéponse% Correct
Eau/TénèbresAmphinobi
100%
FeuFeunnec
100%
EauGrenousse
100%
Plante/CombatBlindépique
95%
Feu/PsyGoupelin
95%
PlanteMarisson
95%
FeuRoussil
95%
Feu/VolFlambusard
90%
Normal/VolPasserouge
90%
PlanteBoguérisse
85%
EauCroâporal
85%
PsyPsystigri
85%
FéeSucroquin
85%
FéeXerneas
85%
Ténèbres/VolYveltal
85%
Feu/VolBraisillon
80%
NormalCouafarel
80%
Acier/SpectreDimoclès
80%
Acier/SpectreExagide
80%
FéeFlorges
80%
Feu/NormalHélionceau
80%
Acier/SpectreMonorpale
80%
Feu/NormalNémélios
80%
FéeNymphali
80%
Insecte/VolPrismillon
80%
NormalSapereau
80%
Acier/FéeTrousselin
80%
Dragon/SolZygarde
80%
FéeCupcanaille
75%
Electrik/FéeDedenne
75%
Roche/FéeDiancie
75%
Normal/SolExcavarenne
75%
FéeFlabébé
75%
FéeFloette
75%
EauGamblast
75%
Psy/SpectreHoopa
75%
Electrik/NormalIguolta
75%
PsyMistigrix
75%
Combat/TénèbresPandarbare
75%
CombatPandespiègle
75%
Spectre/PlantePitrouille
75%
Feu/EauVolcanion
75%
Spectre/PlanteBanshitrouye
70%
Vol/DragonBruyverne
70%
FéeCocotine
70%
DragonColimucus
70%
FéeFluvetin
70%
Poison/DragonKravarech
70%
InsecteLépidonille
70%
DragonMuplodocus
70%
Roche/DragonPtyranidur
70%
Ténèbres/PsySepiatop
70%
Ténèbres/PsySepiatroce
70%
Vol/DragonSonistrelle
70%
Roche/GlaceAmagara
65%
Spectre/PlanteBrocélôme
65%
Combat/VolBrutalibré
65%
Spectre/PlanteDesséliande
65%
Roche/GlaceDragmara
65%
Electrik/NormalGalvaran
65%
GlaceGrelaçon
65%
DragonMucuscule
65%
Roche/DragonRexillius
65%
Poison/EauVenalgue
65%
EauFlingouste
60%
Roche/EauOpermine
60%
InsectePérégrain
60%
GlaceSéracrawl
60%
Roche/FéeStrassie
60%
PlanteCabriolaine
55%
PlanteChevroum
55%
Roche/EauGolgopathe
55%

Distribution des résultats

Percentile par nombre de réponses

% des personnes avec chaque résultat

Votre développement - résultats

Vous n’avez pas pris ce quiz